00571nam a22001692 4500001001100000005001700011008004100028020002800069040001500097050002400112100003000136245010100166260004500267300002600312650003200338700003100370000000104920151217151804.0070223s xx 000 0 eng d a0768450004 :cUSD 12.99 aKABUcKABU 0aBV4501.2b.T46 20001 aTenney, T. F.@000014955710aSecret sources of power :brediscovering biblical power points /cT. F. Tenney and Tommy Tenney. aShippensburg, PA :bFresh Bread,cc2000. axix, 134 p. ;c23 cm. 0aChristian life.@00001491671 aTenney, Tommy.@0000149378